Climate Leviathan <A> Political Theory of Our Planetary Future
Gespeichert in:
| 1. Verfasser: | |
|---|---|
| Weitere Verfasser: | |
| Format: | Buch |
| Sprache: | Englisch |
| Veröffentlicht: |
London
Verso
2020
|
| Schlagworte: | |
| Tags: |
Keine Tags, Fügen Sie das erste Tag hinzu!
|
MARC
| LEADER | 00000nam a2200000 4500 | ||
|---|---|---|---|
| 001 | 0278996 | ||
| 005 | 20230118125137.3 | ||
| 020 | |a 978-1-78663-445-0 | ||
| 041 | 0 | |a eng | |
| 044 | |a GB | ||
| 245 | 1 | 0 | |a Climate Leviathan |b <A> Political Theory of Our Planetary Future |
| 264 | 1 | |a London |b Verso |c 2020 | |
| 300 | |a 207 s. | ||
| 610 | 2 | 0 | |a zmeny klimatické |
| 610 | 2 | 0 | |a emisie |
| 610 | 2 | 0 | |a globalizácia |
| 610 | 2 | 0 | |a ekológia |
| 610 | 2 | 0 | |a ochrana prírody |
| 610 | 2 | 0 | |a teórie politické |
| 610 | 2 | 0 | |a ekonómia politická |
| 100 | 1 | |a Wainwright, Joel | |
| 700 | 1 | |a Mann, Geoff | |